MESTSKÁ KNIŽNICA GIRALTOVCE  - online katalóg 

Angličtina pre samoukov (Record no. 14071)

000 -NÁVESTIE
fixed length control field 00932nam a2200253 a 4500
008 - ÚDAJE S PEVNOU DĹŽKOU – VŠEOBECNÉ INFORMÁCIE
fixed length control field 951030s1990||||[C 0 eng c
020 ## - MEDZINÁRODNÉ ŠTANDARDNÉ ČÍSLO KNIHY (ISBN)
Medzinárodné štandardné číslo knihy (ISBN) 8008010398
Údaje o dostupnosti 49 Kčs.
Qualifying information (50000 výtl.)
040 ## - ZDROJ KATALOGIZÁCIE
Pôvodná katalogizujúca agentúra SNK
Jazyk katalogizácie slo
Prepisujúca agentúra SNK
Konvencie popisu AACR2
041 1# - KÓD JAZYKA
Kód jazyka textu/zvukovej stopy alebo samostatných nápisov eng
Kód jazyka originálu a/alebo sprostredkujúcich prekladov textu eng
044 ## - KÓD KRAJINY VYDAVATEĽA/PRODUCENTA
Kód krajiny MARC xo
Kód krajiny ISO SK
080 ## - ČÍSLO MEDZINÁRODNÉHO DESATINNÉHO TRIEDENIA (MDT)
Číslo Medzinárodného desatinného triedenia (MDT) 802.0(075.4)
100 1# - OSOBNÉ MENÁ – VŠEOBECNÉ INFORMÁCIE
Osobné meno Kollmannová, Ludmila
Kód roly aut
245 10 - NÁZOV
Názov Angličtina pre samoukov
Údaj o zodpovednosti atď. Ludmila Kollmannová, Libuše Bubeníková, Alena Kopecká ; František Šatura, Ladislav Pros, Miloš Novák
250 ## - ÚDAJ O PORADÍ VYDANIA
Údaj o poradí vydania 4., vyd.
260 ## - VYDAVATEĽSKÉ ÚDAJE, DISTRIBÚCIA ATĎ.
Miesto publikovania, distribúcie atď. Bratislava
Názov vydavateľa, distibútora atď. SPN
Dátum publikovania, distribúcie atď. 1990
Miesto výroby Nitra
Výrobca Nitrianske tlačiarne
300 ## - FYZICKÝ POPIS
Rozsah 560 s., 26,43 AH
Ďalšie fyzické detaily Tb.
Rozmery 20 cm
500 ## - VŠEOBECNÁ POZNÁMKA
Formátovaná poznámka o obsahu Prehľad angl. gramatiky. Angl.-slov. slovník. K učebnici vydala Slov. kniha zvuk. nahrávku.
700 1# - PRIDANÝ VSTUP – OSOBNÉ MENO
Osobné meno Bubeníková, Libuše
Kód roly aut
700 1# - PRIDANÝ VSTUP – OSOBNÉ MENO
Osobné meno Kopecká, Alena
Kód roly aut
700 1# - PRIDANÝ VSTUP – OSOBNÉ MENO
Osobné meno Šatura, František
Kód roly trl
700 1# - PRIDANÝ VSTUP – OSOBNÉ MENO
Osobné meno Pros, Ladislav
Kód roly bkd
700 1# - PRIDANÝ VSTUP – OSOBNÉ MENO
Osobné meno Novák, Miloš
Kód roly bkd
958 ## - Formálny deskriptor
Formálny deskriptor A
Holdings
Stav stiahnutia (Blokovanie) (Withrawn status) Stav straty Zdroj klasifikácie pre skladovanie Stav poškodenia (Damaged status) Nie pre výpožičky (Not for loan) Spôsob nadobudnutia (Collection code) Trvalé umiestnenie Aktuálne umiestnenie Dátum nadobudnutia Náklady, bežná kúpna cena Inventárne číslo (prírastkové číslo) Celkom výpožičky Full call number Čiarový kód Dátum posledného výskytu Dátum poslednej výpôžičky Cena s účinnosťou od Typ jednotky Koha
          Kúpa Mestská knižnica Giraltovce Mestská knižnica Giraltovce 2019-11-29 49.00 14110 2 I0181 I0181 2025-02-26 2021-07-06 2019-11-29 Odborná literatúra pre dospelých

Powered by Koha